Plural Blitz Quiz Stats

 Plays Quiz Updated Oct 16, 2012

Also try: Word Overlaps
Challenge
Share
Tweet
Embed
Score 0/45 Timer 03:00
5 Plays Today
One...(Singular Word) Two...(Plural Word) % Correct
????
100%
????
99.6%
????
99.2%
????
98.5%
????
93.9%
????
93.9%
????
93.7%
????
93.6%
????
93.2%
????
93%
????
92.8%
????
92.8%
????
92.7%
????
92.7%
????
92.6%
????
92.5%
????
92.4%
????
92.3%
????
92.2%
????
92.1%
????
92%
????
89.5%
????
88.9%
One...(Singular Word) Two...(Plural Word) % Correct
????
88.8%
????
88.3%
????
80.2%
????
80%
????
79.8%
????
79.6%
????
78.3%
????
77.7%
????
74.8%
????
74.6%
????
72.9%
????
71.8%
????
68.3%
????
63.7%
????
62%
????
57.9%
????
54.9%
????
49.2%
????
46.1%
????
44.9%
????
42.8%
????
41.3%

You're not logged in!

Compare scores with friends on all Sporcle quizzes.
Join for Free
OR
Log In

You Might Also Like...

Show Comments

Extras

Top Quizzes Today


Score Distribution

Your Account Isn't Verified!

In order to create a playlist on Sporcle, you need to verify the email address you used during registration. Go to your Sporcle Settings to finish the process.

Report this User

Report this user for behavior that violates our Community Guidelines.

Details: